000
00387nam a2200133Ia 4500
008
151001s9999||||xx |||||||||||||| ||und||
100
_a
चि त्र्य खानोलकर
245
_a
रात्र काळी घागर काळी
250
_a
5
260
_b
मौज प्रकाशन मुंबई
260
_c
2012
300
_a
203
365
_b
21
999
_c
1000480
_d
1000477